00921nam a2200229 a 450000100100000000500170001000800410002704000250006808200190009310000390011224500500015126000400020130000290024165000650027065000230033565000380035865000300039604900090042695201170043595201220055299900170067400001752320200929165136.0100326s1953 dr a 000 0 spa d aDO-SdBNPbspacBNPHU a617.645bS237p1 aSantos N., Gladys E. de los93826710aPor los niños /cGladys E. de los Santos N. aCiudad Trujillo :bMontalvo,c1953. a30 p. ; :bil. ;c25 cm. 4aNiñosxPreparación para el cuidado de los dientes938268 4aDentición921584 4aDientesxCuidado e higiene938269 4aPerdida de dientes938270 aBNPD 0010718PDaPDbPDcCTd2010-03-26iLF1l0o617.645 S237pp17523-10r2020-06-25w2020-06-25yLFPDZNo se presta 0010718PDaPDbPDcCTd2010-03-26iLF1l0o617.645 S237pp17523-20r2020-06-25te.2w2020-06-25yLFPDZNo se presta c17048d17048